|
|
|
|
| LEADER |
00000nab a2200000 a 4500 |
| 001 |
vtls000927722 |
| 003 |
SK-MaSNL |
| 005 |
20260303033430.0 |
| 008 |
040720e20020419xo 0 slo |
| 035 |
|
|
|a KE36599
|
| 040 |
|
|
|a KEVKJB
|b slo
|c KEVKJB
|e AACR2
|
| 041 |
0 |
|
|a slo
|
| 044 |
|
|
|a xo
|c SK
|
| 080 |
|
|
|a 352
|2 1981
|
| 080 |
|
|
|a 336.3
|2 1981
|
| 100 |
1 |
|
|a Némethová, Renáta
|4 aut
|9 826895
|
| 245 |
1 |
0 |
|a Košice majú šancu dostať sa z dlhov
|
| 650 |
0 |
7 |
|a verejné dlhy
|2 KEVKJB
|9 71265
|
| 650 |
0 |
7 |
|a úvery
|2 KEVKJB
|9 2375
|
| 650 |
0 |
7 |
|a transformácia
|2 KEVKJB
|9 17892
|
| 651 |
|
7 |
|a Košice (Slovensko)
|2 KEVKJB
|9 18694
|
| 651 |
|
7 |
|a KE,
|2 KEVKJB
|9 877256
|
| 655 |
|
7 |
|a periodikum
|2 snkbucl
|9 29553
|
| 773 |
0 |
8 |
|t Sme
|g Roč. 10, č.91, 19.4.2002, s. 1
|
| 773 |
0 |
8 |
|i Príl.:
|t Východ.- Č. 15 (2002)
|
| 852 |
|
|
|a ZVYKNI
|b KIS3GCP
|
| 999 |
|
|
|c 1669983
|d 1671913
|